Normal view MARC view

Entry Nombre geográfico

Number of records used in: 1

001 - NÚMERO DE CONTROL

  • campo de control: 745

003 - IDENTIFICADOR DE NÚMERO DE CONTROL

  • campo de control: DLC

005 - FECHA Y HORA DE LA ÚLTIMA TRANSACCIÓN

  • campo de control: 20260304090934.0

008 - ELEMENTOS DE DATO DE LONGITUD-FIJA

  • campo de control de longitud fija: 001128n| acannaabn |a ana

010 ## - NÚMERO DE CONTROL DE LA BIBLIOTECA DEL CONGRESO

  • Número de control de LC: n 00060956

034 ## - DATOS MATEMÁTICOS CARTOGRÁFICOS CODIFICADOS

  • Coordenadas - longitud más occidental: E0013800
  • Coordenadas - longitud más oriental: E0013800
  • Coordenadas - latitud más septentrional: N0432500
  • Coordenadas - latitud más meridional: N0432500
  • Fuente: other

035 ## - NÚMERO DE CONTROL DEL SISTEMA

  • Número de control de sistema: (OCoLC)oca05365580

040 ## - FUENTE DE CATALOGACIÓN

  • Centro catalogador/agencia de origen: DLC
  • Lengua de catalogación: eng
  • Centro/agencia transcriptor: DLC
  • Centro/agencia modificador: DLC
  • Centro/agencia modificador: OCoLC

043 ## - CÓDIGO DE ÁREA GEOGRÁFICA

  • Código de área geográfica: e-fr---

151 ## - ENCABEZAMIENTO--NOMBRE GEOGRÁFICO

  • Nombre geográfico: Montesquieu-Lauragais (France)

451 ## - TRAZADO DE VÉASE--NOMBRE GEOGRÁFICO

  • Nombre geográfico: Montesquieu-sur-Canal (France)

670 ## - FUENTE DE DATOS ENCONTRADOS

  • Cita de la fuente: Cazals, Antoine-Lucien. Une page de lʼhistoire du Lauragais, ou, Histoire de la ville et de la communauté de Montesquieu-sur-Canal depuis les temps les plus anciens jusquʼà nos jours, 1883

670 ## - FUENTE DE DATOS ENCONTRADOS

  • Cita de la fuente: BGN, 28 Nov. 2000
  • Información encontrada: (Montesquieu-Lauragais; ppl., 432̊5'N, 0013̊8'E)

781 #0 - ENTRADA DE ENLACE DE SUBDIVISIÓN--SUBDIVISIÓN GEOGRÁFICA

  • Subdivisión geográfica: France
  • Subdivisión geográfica: Montesquieu-Lauragais